| 000 | 00554nam a22002171a 4500 | ||
|---|---|---|---|
| 001 | 10199 | ||
| 003 | OSt | ||
| 005 | 20260204212150.0 | ||
| 008 | 080526s1976||||ck ||||||b||||||||||spa|| | ||
| 020 | _a9684510705 | ||
| 050 | _a512 S43t | ||
| 100 | _aSpiegel, Murray R. | ||
| 110 | _aSpiegel, Murray R. | ||
| 245 | _aTeoría y problemas de algebra superior / Murray R. Spiegel | ||
| 264 | _aColombia : McGraw-Hill | ||
| 300 | _a312 p | ||
| 490 | _aSerie de compendios schaum | ||
| 500 | _aIncluye indice | ||
| 650 | _aAlgebraÌ | ||
| 942 |
_2ddc _cBK |
||
| 999 |
_c10199 _d10199 |
||